[Event "Mediterranean op 10th"]
[Site "Rijeka"]
[Date "2018.11.25"]
[Round "2"]
[White "Res, Ivica"]
[Black "Rajter, Emil"]
[Result "0-1"]
[WhiteElo "2097"]
[BlackElo "1887"]
[PlyCount "129"]
[EventDate "2018.11.24"]
[EventType "swiss"]
[EventRounds "9"]
[EventCountry "CRO"]
[SourceTitle "CBM 187 Extra"]
[Source "ChessBase"]
[SourceDate "2018.11.04"]
[SourceVersion "1"]
[SourceVersionDate "2018.11.04"]
[SourceQuality "1"]

1. d4 Nf6 2. c4 e6 3. g3 Bb4+ 4. Bd2 Qe7 5. Bg2 0-0 6. e3 d5 7. Qb3 Bxd2+ 8. Nxd2 b6 9. Rc1 Bb7 10. Qc2 Na6 11. a3 c5 12. dxc5 dxc4 13. c6 Bc8 14. Qxc4 Nc7 15. Ne4 Ba6 16. Nxf6+ Qxf6 17. Qc3 Qg6 18. Nf3 Rfd8 19. Ne5 Qh5 20. Bf3 Qf5 21. e4 Qf6 22. Nd7 Qg5 23. h4 Qb5 24. Rc2 Rac8 25. Be2 Qa4 26. Bxa6 Nxa6 27. 0-0 Qxe4 28. Qc4 Qxc4 29. Rxc4 Rc7 30. b4 b5 31. Rcc1 Rdc8 32. Ne5 f6 33. Nd3 Rxc6 34. Rxc6 Rxc6 35. Re1 Kf7 36. Nf4 Nc7 37. Ne2 a6 38. Kf1 e5 39. Ra1 Nd5 40. Ke1 Nb6 41. Kd2 Nc4+ 42. Ke1 Ke6 43. a4 bxa4 44. Rxa4 Nb2 45. Ra3 Rd6 46. Nc1 Rd1+ 47. Ke2 Rxc1 48. Rxa6+ Kf5 49. b5 Rc2+ 50. Kf3 Rc7 51. b6 Rb7 52. Ra7 Rxb6 53. Rxg7 h5 54. Rh7 Rb3+ 55. Ke2 Kg6 56. Rh8 Nc4 57. f3 Re3+ 58. Kf2 Rb3 59. g4 hxg4 60. fxg4 Nd6 61. h5+ Kg7 62. Rd8 Ne4+ 63. Ke2 Rg3 64. Rd7+ Kh6 65. Rd1 0-1

[Event "Mediterranean op 8th"]
[Site "Rijeka"]
[Date "2015.12.09"]
[Round "6"]
[White "Res, Ivica"]
[Black "Doric, Nenad"]
[Result "1/2-1/2"]
[WhiteElo "2059"]
[BlackElo "2273"]
[PlyCount "44"]
[EventDate "2015.12.05"]
[EventType "swiss"]
[EventRounds "9"]
[EventCountry "CRO"]
[SourceTitle "CBM 169 Extra"]
[Source "ChessBase"]
[SourceDate "2015.12.18"]
[SourceVersion "1"]
[SourceVersionDate "2015.12.18"]
[SourceQuality "1"]

1. c4 c6 2. d4 d5 3. cxd5 cxd5 4. Nf3 Nf6 5. Nc3 Nc6 6. Bf4 e6 7. e3 Nh5 8. Bg3 Nxg3 9. hxg3 g6 10. Be2 Bg7 11. 0-0 0-0 12. Rc1 Bd7 13. a3 Qe7 14. Na4 Rfc8 15. Nc5 Be8 16. b4 a6 17. Qb3 Rc7 18. Rc2 Na7 19. Rfc1 Bb5 20. Bxb5 Nxb5 21. a4 Nd6 22. a5 Rac8 1/2-1/2

[Event "Mediterranean op 8th"]
[Site "Rijeka"]
[Date "2015.12.08"]
[Round "5"]
[White "Res, Ivica"]
[Black "Loncar, Robert"]
[Result "0-1"]
[WhiteElo "2059"]
[BlackElo "2374"]
[PlyCount "118"]
[EventDate "2015.12.05"]
[EventType "swiss"]
[EventRounds "9"]
[EventCountry "CRO"]
[SourceTitle "CBM 169 Extra"]
[Source "ChessBase"]
[SourceDate "2015.12.18"]
[SourceVersion "1"]
[SourceVersionDate "2015.12.18"]
[SourceQuality "1"]

1. c4 b6 2. Nc3 Bb7 3. e4 e6 4. g3 f5 5. Bg2 Nf6 6. Qc2 Bb4 7. Nge2 0-0 8. 0-0 Bxc3 9. Nxc3 fxe4 10. Nxe4 Nxe4 11. Bxe4 Bxe4 12. Qxe4 Nc6 13. d4 Qf6 14. Be3 Rad8 15. Rad1 d5 16. Qc2 Ne7 17. Qc1 h6 18. Bf4 dxc4 19. Be5 Qf7 20. Bxc7 Rd7 21. Be5 b5 22. a3 Qf3 23. Rde1 Nf5 24. a4 a6 25. axb5 axb5 26. Qc3 Qc6 27. b3 Ne7 28. bxc4 Nd5 29. Qc2 bxc4 30. Qg6 Rdf7 31. Qe4 Rc8 32. Bf4 Nxf4 33. gxf4 Rf6 34. Qxc6 Rxc6 35. Re4 Rf5 36. Rc1 Kf7 37. Kg2 Rb5 38. Re3 Rd5 39. Re4 Kf6 40. Kf3 Rh5 41. Kg3 Ra5 42. Re3 Rd5 43. Re4 Rd7 44. Kf3 Rdc7 45. Rc3 Rb7 46. Ree3 Rb1 47. Ke4 Rh1 48. h3 Rb1 49. Kf3 Rb2 50. Re5 g6 51. h4 h5 52. Ke3 Ra6 53. d5 exd5 54. Rxd5 Re6+ 55. Kd4 Rxf2 56. Kxc4 Rc6+ 57. Rc5 Rxf4+ 58. Kd5 Rxc5+ 59. Kxc5 Rxh4 0-1

[Event "Mediterranean op 8th"]
[Site "Rijeka"]
[Date "2015.12.06"]
[Round "2"]
[White "Beletic, Daniel"]
[Black "Res, Ivica"]
[Result "1-0"]
[WhiteElo "2292"]
[BlackElo "2059"]
[PlyCount "179"]
[EventDate "2015.12.05"]
[EventType "swiss"]
[EventRounds "9"]
[EventCountry "CRO"]
[SourceTitle "CBM 169 Extra"]
[Source "ChessBase"]
[SourceDate "2015.12.18"]
[SourceVersion "1"]
[SourceVersionDate "2015.12.18"]
[SourceQuality "1"]

1. Nf3 d5 2. c4 c6 3. g3 Nf6 4. Bg2 Bf5 5. cxd5 cxd5 6. Qb3 Nc6 7. Qxb7 Rc8 8. 0-0 e5 9. d4 exd4 10. Bf4 Bd6 11. Bxd6 Qxd6 12. Qa6 Ne4 13. Rc1 0-0 14. Na3 Bd7 15. Qd3 Qb4 16. Rab1 Rb8 17. Nc2 Qa5 18. Nfxd4 Ne5 19. Qa3 Qb6 20. b3 Nd2 21. Ra1 Ne4 22. Qb2 Nc4 23. Bxe4 Nxb2 24. Bf3 Qf6 25. Rab1 Rbc8 26. Rxb2 Bf5 27. e3 Rc7 28. Nxf5 Qxf5 29. Kg2 Qf6 30. Rcb1 Rfc8 31. Nd4 Rd8 32. Rd2 g6 33. Rbd1 Qa6 34. Ne2 Rcd7 35. Nf4 d4 36. exd4 h5 37. h4 Rd6 38. d5 Kg7 39. Nd3 Rxd5 40. Bxd5 Rxd5 41. Nf4 Rxd2 42. Rxd2 Qc6+ 43. Kh2 Qc1 44. Re2 Qd1 45. Kg2 Kf6 46. Re4 Qc2 47. Ra4 Qc6+ 48. Kg1 Qc1+ 49. Kg2 Qc6+ 50. Kh2 Qf3 51. Nh3 Qb7 52. Rf4+ Ke7 53. Ng5 f5 54. Rf3 Qa6 55. Re3+ Kd7 56. a4 Qf1 57. Rf3 a5 58. Nh3 Ke7 59. Re3+ Kd6 60. Rf3 Ke7 61. Nf4 Kf6 62. Nd5+ Kf7 63. Ne3 Qd3 64. Nc4 Qd1 65. Rd3 Qf1 66. Rd2 f4 67. gxf4 Qe1 68. Ne5+ Ke6 69. Nf3 Qc1 70. Kg3 Qc3 71. Re2+ Kf5 72. Re3 Qc1 73. Re5+ Kf6 74. Rxa5 Qc3 75. Rb5 Qc8 76. Rb6+ Kg7 77. Ne5 Qc3+ 78. Kg2 Qd4 79. Rxg6+ Kh7 80. Rg5 Qxf4 81. Rxh5+ Kg7 82. Rg5+ Kf6 83. Nf3 Qb4 84. a5 Qxb3 85. h5 Qb8 86. a6 Kf7 87. h6 Kf6 88. h7 Qh8 89. a7 Kf7 90. Rg8 1-0

[Event "Rijeka Paris Memorial 36th"]
[Site "Rijeka"]
[Date "2015.07.09"]
[Round "8"]
[White "Sokac, Marko"]
[Black "Res, Ivica"]
[Result "1-0"]
[WhiteElo "2298"]
[BlackElo "2107"]
[PlyCount "53"]
[EventDate "2015.07.03"]
[EventType "swiss"]
[EventRounds "9"]
[EventCountry "CRO"]
[SourceTitle "CBM 167 Extra"]
[Source "ChessBase"]
[SourceDate "2015.09.14"]
[SourceVersion "1"]
[SourceVersionDate "2015.09.14"]
[SourceQuality "1"]

1. e4 e5 2. Nc3 Nf6 3. Bc4 Nc6 4. d3 Na5 5. Nge2 Bc5 6. 0-0 0-0 7. a3 Nxc4 8. dxc4 a5 9. Qd3 h6 10. Qg3 Kh8 11. Qxe5 d6 12. Qf4 Re8 13. b3 Bg4 14. Bb2 Bxe2 15. Nxe2 Rxe4 16. Bxf6 Rxf4 17. Bxd8 Re4 18. Ng3 Re8 19. Bxc7 Rec8 20. Bxa5 Rxa5 21. b4 Bxb4 22. axb4 Rxa1 23. Rxa1 Rxc4 24. Nf5 Rxc2 25. Nxd6 Rb2 26. b5 Rd2 27. Nxb7 1-0

[Event "CRO-chT2 West"]
[Site "Croatia"]
[Date "2015.03.22"]
[Round "5.4"]
[White "Odak, Bruno"]
[Black "Res, Ivica"]
[Result "0-1"]
[WhiteElo "1948"]
[BlackElo "2059"]
[PlyCount "118"]
[EventDate "2015.02.21"]
[EventType "team-tourn"]
[EventRounds "9"]
[EventCountry "CRO"]
[SourceTitle "EXT 2016"]
[Source "ChessBase"]
[SourceDate "2015.10.08"]
[SourceVersion "1"]
[SourceVersionDate "2015.10.08"]
[SourceQuality "1"]
[WhiteTeam "Rovinj Batana"]
[BlackTeam "Karlobag"]
[WhiteTeamCountry "CRO"]
[BlackTeamCountry "CRO"]

1. e4 e5 2. Bc4 Nc6 3. Nf3 Bc5 4. d3 Nf6 5. Bg5 h6 6. Bh4 g5 7. Bg3 d6 8. h3 Na5 9. Nbd2 Nxc4 10. Nxc4 Be6 11. Ne3 Qd7 12. Qd2 0-0-0 13. a3 Bb6 14. 0-0-0 Kb8 15. Kb1 Nh5 16. Bh2 Nf4 17. Rhg1 f5 18. exf5 Bxf5 19. Bxf4 exf4 20. Nd5 Qf7 21. Nxb6 axb6 22. Rde1 Rde8 23. Qc3 Bd7 24. Nd4 Qd5 25. f3 Qc5 26. Kc1 Qxc3 27. bxc3 c5 28. Nb3 Kc7 29. c4 h5 30. Nd2 Bc6 31. c3 d5 32. d4 cxd4 33. cxd4 Re3 34. cxd5 Bxd5 35. Rxe3 fxe3 36. Ne4 Bxe4 37. fxe4 Re8 38. e5 Kc6 39. Kc2 Kd5 40. Kd3 Ra8 41. Kxe3 Rxa3+ 42. Kf2 Ra2+ 43. Kg3 Ra3+ 44. Kh2 Kxd4 45. Re1 Ra8 46. e6 Re8 47. e7 b5 48. Kg3 b4 49. h4 gxh4+ 50. Kxh4 b3 51. Kxh5 b2 52. g4 Rxe7 53. Rxe7 b1Q 54. g5 Qf5 55. Kh6 Qf8+ 56. Rg7 Ke5 57. Kg6 b5 58. Rh7 Qe8+ 59. Kh6 Qe6+ 0-1